00410nam a2200169Ia 4500003000400000005001700004008004100021020001500062040000700077041000800084082001700092100002800109245003900137260003500176300001600211365001300227OSt20230408100109.0210423s2005 xx 000 0 und d a1405131748 cAL aeng a811.509 MACC aMACGOWAN (Christopher). aTwentieth century American poetry. aUKbBlackwell Publishingc2005 axvi,331bPB b695cINR